000 00600nas a2200217 4500
001 BR9403554
003 BR-BrBNA
005 20231205093653.0
007 ta
008 230509b bl.|||p| |||| 00| 00por d
040 _aBR-BrBNA
_bpor
_cBiblioteca Nacional de Agricultura
041 _a(Pt)
072 _aF01
100 1 _aCarvalho, P.
245 1 _aGengibre. Raiz de valor
650 _aGengibre
650 _aPratica Cultural
773 0 _tGlobo Rural (Brazil)
_xISSN 0102-6178
_g(Jul 1994), v. 9(105) p. 41-45
_wBR9403554
909 _a202311
_bLúcia
_c55
_dLúcia Elande
942 _2AGRIS
_n0
_cANA
999 _c139785
_d139785